[Event "XLII San Sebastian Open 2019"]
[Site "San Sebastian"]
[Date "2019.04.15"]
[Round "4.12"]
[White "Gomez Calvo, Jose Ricardo"]
[Black "Pastor Alonso De Prado, Alberto"]
[Result "0-1"]
[WhiteElo "1897"]
[BlackElo "2090"]
[Annotator "NA RC"]
[PlyCount "44"]
[EventDate "2019.04.13"]
[EventType "swiss"]
[EventCountry "ESP"]
[SourceTitle "playchess.com"]
[Source "ChessBase"]
[SourceQuality "1"]
[TimeControl "5400+30"]

1. c4 {[%emt 0:00:03]} e6 {[%emt 0:03:23]} 2. Nc3 {[%emt 0:00:37]} d5 {[%emt 0:00:07]} 3. e3 {[%emt 0:00:46]} Nf6 {[%emt 0:01:41]} 4. Nf3 {[%emt 0:00:52]} Be7 {[%emt 0:00:36]} 5. Be2 {[%emt 0:00:29]} O-O {[%emt 0:01:19]} 6. O-O {[%emt 0:00:43]} c5 {[%emt 0:05:51]} 7. cxd5 {[%emt 0:02:14]} Nxd5 {[%emt 0:01:28]} 8. d4 {[%emt 0:01:55]} Nc6 {[%emt 0:00:35]} 9. a3 {[%emt 0:05:04]} b6 {[%emt 0:07:36]} 10. Qa4 {[%emt 0:15:51]} Bb7 {[%emt 0:09:28]} 11. Rd1 {[%emt 0:11:34]} cxd4 {[%emt 0:02:48]} 12. exd4 {[%emt 0:07:40]} a6 {[%emt 0:13:43]} 13. Nxd5 {[%emt 0:08:42]} Qxd5 {[%emt 0:00:24]} 14. Be3 {[%emt 0:00:18]} b5 {[%emt 0:02:25]} 15. Qc2 {[%emt 0:00:16]} Rac8 {[%emt 0:00:15]} 16. Qd2 {[%emt 0:02:16]} Rfd8 {[%emt 0:02:47]} 17. Ne1 {[%emt 0:01:33]} Bf6 {[%emt 0:04:40]} 18. Bf3 {[%emt 0:02:16]} Qd7 {[%emt 0:03:55]} 19. Rac1 {[%emt 0:01:37]} Nxd4 {[%emt 0:05:10]} 20. Bxd4 {[%emt 0:17:15]} Rxc1 {[%emt 0:00:46]} 21. Qxc1 {[%emt 0:01:43]} Bxf3 {[%emt 0:02:46]} 22. Nxf3 {[%emt 0:00:35]} e5 {[%emt 0:00:09]} 0-1

[Event "XLII San Sebastian Open 2019"]
[Site "San Sebastian"]
[Date "2019.04.16"]
[Round "5.1"]
[White "Pulvett Marin, Daniel Eduardo"]
[Black "Vazquez Igarza, Renier"]
[Result "0-1"]
[WhiteElo "2468"]
[BlackElo "2548"]
[Annotator "RC"]
[PlyCount "78"]
[EventDate "2019.04.13"]
[EventType "swiss"]
[EventCountry "ESP"]
[SourceTitle "playchess.com"]
[Source "ChessBase"]
[SourceQuality "1"]
[TimeControl "5400+30"]

1. Nf3 Nf6 2. c4 c5 3. b3 g6 4. Bb2 Bg7 5. g3 d6 6. Bg2 e5 7. O-O Nc6 8. Nc3 O-O 9. d3 Ne8 10. e4 Nc7 11. Nd5 Rb8 12. Nd2 Nxd5 13. cxd5 Nd4 14. Kh1 h5 15. Bxd4 cxd4 16. b4 Bh6 17. Nc4 b5 18. Na5 Bd7 19. f4 h4 20. Qe1 hxg3 21. fxe5 dxe5 22. Qxg3 Qe7 23. Bh3 Bf4 24. Rxf4 exf4 25. Qxf4 Bxh3 26. Nc6 Qe8 27. Rg1 Rb6 28. Nxd4 Kg7 29. e5 Qa8 30. Qf3 Rh8 31. Nc6 Rxc6 32. dxc6 Qd8 33. Rc1 Be6 34. Rc5 Qd4 35. c7 Qa1+ 36. Kg2 Qxa2+ 37. Kf1 Qb1+ 38. Kg2 Qb2+ 39. Kf1 Bh3+ 0-1

[Event "XLII San Sebastian Open 2019"]
[Site "San Sebastian"]
[Date "2019.04.16"]
[Round "5.2"]
[White "Cifuentes Parada, Roberto"]
[Black "Alonso Arburu, Juan Ignacio"]
[Result "0-1"]
[WhiteElo "2445"]
[BlackElo "2341"]
[Annotator "TA"]
[PlyCount "115"]
[EventDate "2019.04.13"]
[EventType "swiss"]
[EventCountry "ESP"]
[SourceTitle "playchess.com"]
[Source "ChessBase"]
[SourceQuality "1"]

{[%evp 18,115,13,15,26,8,23,14,18,13,37,15,39,31,28,21,27,23,39,38,40,9,36,14,21,33,37,15,44,-5,30,-2,-5,-37,-36,-29,-35,-66,-66,-63,-52,-69,-43,-52,-56,-58,-52,-57,-49,-43,0,0,0,0,0,0,0,0,0,-218,-211,-504,-497,-391,-206,-580,-556,-578,-567,-532,-513,-432,-460,-1666,-1562,-1118,-461,-1211,-1141,-2133,-1439,-2240,-2184,-29974,-29975,-29978,-29978,-29976,-29972,-29979,-29980,-29982,-29980,-29978,-29973,-29982,-29983,-29983,-29978,-29990]} 1. Nf3 Nf6 2. c4 e6 3. g3 d5 4. d4 c6 5. Bg2 Bd6 6. O-O O-O 7. Bg5 Nbd7 8. Nbd2 h6 9. Bxf6 Nxf6 10. Qc2 Re8 {E01: Catalan: Early deviations} (10... b6 11. e4 dxe4 12. Nxe4 Nxe4 13. Qxe4 Ba6 14. b3 c5 15. Rad1 Qc7 16. dxc5 Bxc5 17. Ne5 Rad8 18. Rd3 Rxd3 19. Nxd3 Bd6 20. Rd1 Rd8 21. Ne5 Bb7 22. Qxb7 Bxe5 23. Rxd8+ Qxd8 24. Qa8 Qxa8 25. Bxa8 {½-½ (26) Istratescu,A (2565)-Parligras,M (2645) Bucharest 2018}) 11. e4 dxe4 12. Nxe4 Nxe4 {The position is equal.} 13. Qxe4 c5 14. Rfd1 {[#] Strongly threatening dxc5.} Qe7 $146 ({Predecessor:} 14... Qc7 15. dxc5 Bxc5 16. Ne5 Rd8 17. Rxd8+ Qxd8 {½-½ (28) Hradeczky,T (2260)-Schmitt,C (1956) Budapest 2011}) 15. a3 a5 16. Rd2 Ra6 17. Rad1 Rb6 18. Qc2 Ra6 19. h4 Qc7 20. dxc5 Bxc5 21. Qa4 Rf8 22. Nd4 Bd7 23. Qb3 a4 24. Qc3 Rd6 25. Ne2 {[#] Threatens to win with Rxd6.} Rxd2 26. Rxd2 Rc8 27. Nf4 Be8 28. Qf3 Bc6 29. Qd1 Bxg2 30. Kxg2 Qc6+ 31. Qf3 Bd6 32. Ne2 Be5 33. Rc2 b5 34. c5 f5 35. Qxc6 Rxc6 $11 {[%mdl 4096] Endgame KRB-KRN} 36. Kf3 Bf6 37. Ke3 Be7 38. Nd4 $2 (38. Kd4 $11 {and White is okay.}) 38... Rxc5 $19 {aiming for ...e5.} 39. Rxc5 $2 (39. b4 axb3 40. Rb2) 39... Bxc5 {KB-KN} 40. Kd3 Kf7 41. Nxb5 $2 (41. f3 {is a better chance.}) 41... Bxf2 42. Nc3 e5 43. Nxa4 e4+ 44. Ke2 Bxg3 45. b4 (45. Nc3 $142 Bxh4 46. a4) 45... g5 46. hxg5 hxg5 (46... h5 $142 47. Kf1 h4) 47. Nc3 (47. Nc5 $142 Bb8 48. a4) 47... Bd6 48. Nb5 Ke6 49. Nd4+ Ke5 50. Nc2 f4 {Black mates.} 51. a4 Kd5 52. a5 Kc4 53. a6 Bb8 54. b5 Kxb5 55. Nd4+ Kxa6 56. Ne6 f3+ 57. Kf1 e3 58. Ke1 {Accuracy: White = 38%, Black = 65%.} 0-1

[Event "XLII San Sebastian Open 2019"]
[Site "San Sebastian"]
[Date "2019.04.16"]
[Round "5.3"]
[White "Alshameary Puente, Ismael"]
[Black "Prieto Aranguren, Alain"]
[Result "1-0"]
[WhiteElo "2425"]
[BlackElo "2257"]
[Annotator "TA"]
[PlyCount "89"]
[EventDate "2019.04.13"]
[EventType "swiss"]
[EventCountry "ESP"]
[SourceTitle "playchess.com"]
[Source "ChessBase"]
[SourceQuality "1"]

{[%evp 21,89,-38,0,0,0,-80,72,10,75,87,89,89,103,77,184,156,263,176,173,147,215,212,282,204,216,215,210,187,229,234,285,297,266,286,274,101,102,93,93,100,92,56,149,119,185,184,184,184,187,187,193,201,339,428,408,413,398,331,420,147,114,0,422,412,881,874,1115,990,1170,1141]} 1. d4 d5 2. c4 c6 3. Nf3 Nf6 4. Nc3 e6 5. Bg5 dxc4 6. e4 b5 7. e5 h6 8. Bh4 g5 9. exf6 gxh4 10. Ne5 Qxf6 11. a4 Bb4 12. Be2 {D44: Semi-Slav: Botvinnik System} Bb7 (12... Nd7 13. Nxc6 Bxc3+ 14. bxc3 h3 15. gxh3 Bb7 16. axb5 a6 17. Rg1 axb5 18. Rxa8+ Bxa8 19. Nb4 Qf4 {0-1 (31) Yermolinsky,A (2518)-Finegold,B (2539) Tulsa 2008}) 13. Bh5 (13. Bf3 $11 bxa4 14. Rxa4) 13... Rh7 $2 {[#]} (13... Nd7 $17 {keeps the pressure on.} 14. Bxf7+ Ke7 15. Nxd7 Kxd7) 14. O-O $146 (14. Bf3 $1 $16 Qe7 15. Be4) ({Predecessor:} 14. Qc2 Rg7 15. Qe4 Nd7 16. Nxd7 Kxd7 17. axb5 Kc7 18. Bf3 Qg6 19. Qe5+ Bd6 {1-0 (63) Roncal,J (2053)-Magallanes,G Buenos Aires 2002}) 14... Bxc3 (14... Nd7 $11) 15. bxc3 $16 {Black must now prevent axb5.} Nd7 16. Bf3 {And now axb5 would win.} Nxe5 17. dxe5 Qxe5 (17... Qe7 $16 {keeps fighting.}) 18. axb5 $18 Qc5 (18... Qxb5 $2 19. Rb1 $18) (18... Qc7 $16) 19. Qb1 Rg7 20. Qe4 $36 {[%cal Rb5c6][%mdl 2048] White is really pushing.} Rc8 ({Don't go for} 20... Qxb5 $2 21. Rfb1 $18 (21. Qxh4 Qf5 $16)) (20... h3 $16) 21. Qxh4 Ba8 22. Qxh6 Kf8 23. b6 $1 Qxb6 24. Rfb1 Qc7 25. Ra4 c5 {Hoping for ...Bxf3.} 26. Bxa8 Rxa8 27. Rxc4 {Strongly threatening Rg4.} Rb8 {[#]} 28. Rf1 $2 (28. Ra1 $1 $18 {and the rest is easy. aiming for Rg4.} Qb7 29. g3 (29. Rg4 $2 Qb1+ {[%mdl 64] Double Attack} 30. Qc1 Qxc1+ 31. Rxc1 Rxg4 $19)) 28... Qe5 $16 29. Qh8+ Ke7 30. Qh4+ Kf8 31. Ra4 Qd5 (31... Rg6 $14) 32. g3 Rb7 (32... Qg5 $16) 33. Qh8+ $18 Rg8 34. Qh6+ Ke7 35. Rfa1 Rg6 36. Qh8 Rf6 (36... Qd7 $142 37. Qa8 Kf6) 37. Rxa7 Qf3 38. Rxb7+ Qxb7 {[%mdl 4096] Endgame KQR-KQR} 39. Rd1 {[%csl Gd1][%cal Rh8d8]} Qc7 40. Qh4 $2 (40. c4 $18 {and White stays clearly on top.}) 40... Qe5 $16 41. Qh8 $2 {[%mdl 8192]} (41. Qa4 $16 Kf8 42. Qc4) 41... Qc7 $18 42. c4 Rf5 (42... e5 $142 43. Rd5 e4) 43. Qh4+ {White is clearly winning.} Ke8 44. Ra1 Qb7 {[#]} 45. Ra8+ $1 {[%mdl 512] Accuracy: White = 54%, Black = 32%.} 1-0

[Event "XLII San Sebastian Open 2019"]
[Site "San Sebastian"]
[Date "2019.04.16"]
[Round "5.4"]
[White "Russell, Christopher"]
[Black "Suarez Garcia, Carlos"]
[Result "1-0"]
[WhiteElo "2178"]
[BlackElo "2424"]
[Annotator "RC"]
[PlyCount "97"]
[EventDate "2019.04.13"]
[EventType "swiss"]
[EventCountry "ESP"]
[SourceTitle "playchess.com"]
[Source "ChessBase"]
[SourceQuality "1"]
[TimeControl "5400+30"]

1. e4 {[%emt 0:00:00]} e6 {[%emt 0:00:14]} 2. d4 {[%emt 0:00:00]} d5 {[%emt 0:00:10]} 3. Nc3 {[%emt 0:00:00]} Nf6 {[%emt 0:01:11]} 4. e5 {[%emt 0:04:20]} Nfd7 {[%emt 0:00:19]} 5. f4 {[%emt 0:00:05]} c5 {[%emt 0:00:08]} 6. Nf3 {[%emt 0:00:06]} Nc6 {[%emt 0:00:06]} 7. Be3 {[%emt 0:00:13]} Be7 {[%emt 0:00:13]} 8. Qd2 {[%emt 0:03:32]} O-O {[%emt 0:00:09]} 9. Be2 {[%emt 0:17:31]} b6 {[%emt 0:00:06]} 10. O-O {[%emt 0:02:25]} f5 {[%emt 0:00:06]} 11. Nd1 {[%emt 0:03:49]} cxd4 {[%emt 0:03:39]} 12. Nxd4 {[%emt 0:01:44]} Nxd4 {[%emt 0:00:05]} 13. Bxd4 {[%emt 0:00:11]} Nc5 {[%emt 0:01:41]} 14. Nf2 {[%emt 0:04:43]} a5 {[%emt 0:00:03]} 15. c4 {[%emt 0:09:55]} Ba6 {[%emt 0:02:28]} 16. cxd5 {[%emt 0:04:05]} Bxe2 {[%emt 0:00:07]} 17. Qxe2 {[%emt 0:00:04]} Qxd5 {[%emt 0:00:06]} 18. Rfd1 {[%emt 0:01:19]} Rfd8 {[%emt 0:03:57]} 19. Be3 {[%emt 0:02:16]} Qc6 {[%emt 0:06:33]} 20. Rac1 {[%emt 0:02:12]} Qa4 {[%emt 0:03:05]} 21. b3 {[%emt 0:03:02]} Qa3 {[%emt 0:00:04]} 22. Rc4 {[%emt 0:08:17]} Rxd1+ {[%emt 0:13:04]} 23. Nxd1 {[%emt 0:00:15]} Rd8 {[%emt 0:00:47]} 24. Nc3 {[%emt 0:08:52]} Nd3 {[%emt 0:10:03]} 25. Bxb6 {[%emt 0:07:34]} Qc1+ {[%emt 0:03:57]} 26. Qf1 {[%emt 0:01:11]} Qxf1+ {[%emt 0:05:36]} 27. Kxf1 {[%emt 0:00:04]} Ra8 {[%emt 0:00:03]} 28. Ke2 {[%emt 0:02:06]} Nb4 {[%emt 0:04:57]} 29. Bc5 {[%emt 0:00:54]} Bxc5 {[%emt 0:01:19]} 30. Rxc5 {[%emt 0:00:01]} Rd8 {[%emt 0:00:01]} 31. g3 {[%emt 0:02:04]} Nd3 {[%emt 0:00:26]} 32. Rxa5 {[%emt 0:00:44]} Nc1+ {[%emt 0:00:03]} 33. Ke1 {[%emt 0:00:44]} Nd3+ {[%emt 0:00:02]} 34. Kf1 {[%emt 0:00:48]} Rc8 {[%emt 0:00:02]} 35. Ne2 {[%emt 0:00:18]} Rc2 {[%emt 0:00:07]} 36. Nd4 {[%emt 0:03:40]} Rf2+ {[%emt 0:03:17]} 37. Kg1 {[%emt 0:00:03]} Rd2 {[%emt 0:00:08]} 38. Nxe6 {[%emt 0:01:16]} Kf7 {[%emt 0:00:09]} 39. Ng5+ {[%emt 0:00:33]} Kg6 {[%emt 0:00:03]} 40. e6 {[%emt 0:02:13]} Re2 {[%emt 0:00:31]} 41. Nf3 {[%emt 0:01:15]} Kf6 {[%emt 0:01:43]} 42. Rd5 {[%emt 0:01:07]} Re3 {[%emt 0:00:58]} 43. Nd4 {[%emt 0:01:00]} Kg6 {[%emt 0:02:07]} 44. Rxf5 {[%emt 0:00:35]} Re4 {[%emt 0:00:29]} 45. Rd5 {[%emt 0:00:19]} Nc1 {[%emt 0:00:30]} 46. Re5 {[%emt 0:01:38]} Rxe5 {[%emt 0:00:15]} 47. fxe5 {[%emt 0:00:01]} Nxa2 {[%emt 0:00:07]} 48. Kf2 {[%emt 0:00:34]} Nb4 {[%emt 0:00:04]} 49. Ke3 {[%emt 0:00:11]} 1-0

[Event "XLII San Sebastian Open 2019"]
[Site "San Sebastian"]
[Date "2019.04.16"]
[Round "5.5"]
[White "Pastor Alonso De Prado, Alberto"]
[Black "Del Rio De Angelis, Salvador G."]
[Result "0-1"]
[WhiteElo "2090"]
[BlackElo "2457"]
[Annotator "ChessBase"]
[PlyCount "38"]
[EventDate "2019.04.13"]
[EventType "swiss"]
[EventCountry "ESP"]
[SourceTitle "playchess.com"]
[Source "ChessBase"]
[SourceQuality "1"]
[TimeControl "5400+30"]

1. e4 {[%emt 0:02:53]} e6 {[%emt 0:00:00]} 2. d4 {[%emt 0:00:05]} d5 {[%emt 0:00:00]} 3. e5 {[%emt 0:00:24]} c5 {[%emt 0:00:14]} 4. c3 {[%emt 0:00:05]} Nc6 {[%emt 0:00:07]} 5. Nf3 {[%emt 0:00:31]} Bd7 {[%emt 0:00:17]} 6. Be2 {[%emt 0:00:08]} Nge7 {[%emt 0:00:15]} 7. dxc5 {[%emt 0:02:34]} Ng6 {[%emt 0:00:30]} 8. b4 {[%emt 0:00:07]} a5 {[%emt 0:01:25]} 9. b5 {[%emt 0:06:09]} Ncxe5 {[%emt 0:00:20]} 10. Nxe5 {[%emt 0:00:07]} Nxe5 {[%emt 0:00:05]} 11. f4 {[%emt 0:00:06]} Nc4 {[%emt 0:02:12]} 12. Bxc4 {[%emt 0:20:44]} dxc4 {[%emt 0:00:14]} 13. Be3 {[%emt 0:02:04]} Bxb5 {[%emt 0:01:00]} 14. Na3 {[%emt 0:03:47]} Qxd1+ {[%emt 0:01:54]} 15. Rxd1 {[%emt 0:00:10]} Ba6 {[%emt 0:00:04]} 16. Rb1 {[%emt 0:03:56]} Rc8 {[%emt 0:01:29]} 17. Nb5 {[%emt 0:03:22]} Bxc5 {[%emt 0:00:11]} 18. Bxc5 {[%emt 0:00:06]} Rxc5 {[%emt 0:00:05]} 19. Nd6+ {[%emt 0:00:06]} Ke7 {[%emt 0:00:26]} 0-1

[Event "XLII San Sebastian Open 2019"]
[Site "San Sebastian"]
[Date "2019.04.16"]
[Round "5.6"]
[White "Harutjunyan, Gevorg"]
[Black "Cabanas Jimenez, Manuel"]
[Result "1-0"]
[WhiteElo "2440"]
[BlackElo "2119"]
[Annotator "TA"]
[PlyCount "49"]
[EventDate "2019.04.13"]
[EventType "swiss"]
[EventCountry "ESP"]
[SourceTitle "playchess.com"]
[Source "ChessBase"]
[SourceQuality "1"]

{[%evp 17,49,17,39,2,16,-4,0,-63,-71,-85,0,0,85,51,75,51,130,48,70,61,56,67,135,119,99,106,378,392,366,404,388,329,339,308]} 1. Nf3 Nf6 2. g3 g6 3. Bg2 Bg7 4. O-O O-O 5. d4 d5 6. c4 dxc4 7. Na3 c3 8. bxc3 c5 9. e3 Nc6 10. Rb1 {D77: Fianchetto Grünfeld: 6 0-0: Replies other than 6...c6} (10. Qe2 Bf5 11. Rd1 Qb6 12. Nc4 Qa6 13. Bf1 Rfd8 14. a4 Rac8 15. Bb2 b6 16. h3 h5 17. d5 Na5 18. Nxa5 Qxe2 19. Bxe2 bxa5 {½-½ (41) Melkumyan,H (2633)-Salem,A (2638) Riadh 2017}) 10... Rb8 11. Ne1 Bf5 12. Rb5 (12. Nd3 $11) 12... cxd4 $146 ({Predecessor:} 12... a6 13. Rxc5 Nd7 14. Rxc6 bxc6 15. Qa4 Qc8 16. Nc4 Nb6 17. Nxb6 Rxb6 {½-½ (37) Kinnunen,V-Luodonpaa,M (1887) Finland 2015}) 13. cxd4 Bg4 (13... a6 $17 14. Rb2 e5) 14. Qd2 $11 Bh6 (14... a6 $11 {remains equal.} 15. Rc5 Bf5) 15. d5 $16 a6 16. Rc5 Qb6 {[#]} (16... Ne5 $14) 17. Nd3 (17. Rc4 $1 $16 Ne5 18. Rb4) 17... Ne5 $14 {Strongly threatening ...Nxd3.} 18. Nc4 Nxc4 19. Rxc4 Rfd8 ({Black should play} 19... Bf5 $14) 20. Ne5 $36 {[%mdl 2048] White is in control.} Bd7 {With the idea ...Bb5.} 21. Ba3 {And now Bc5 would win.} Bf8 $2 {[%mdl 8192] [#]} (21... Bb5 $16) 22. Bc5 $1 $18 {[%cal Rc5b6]} Qc7 {[#]} 23. d6 $1 {[%mdl 512]} exd6 24. Ba7 Bc6 25. Nxc6 {Accuracy: White = 67%, Black = 33%.} 1-0

[Event "XLII San Sebastian Open 2019"]
[Site "San Sebastian"]
[Date "2019.04.16"]
[Round "5.7"]
[White "Perez Gonzalez, Jose Manuel"]
[Black "De La Esperanza Martin, Alberto"]
[Result "1-0"]
[WhiteElo "2231"]
[BlackElo "2069"]
[Annotator "ChessBase"]
[PlyCount "105"]
[EventDate "2019.04.13"]
[EventType "swiss"]
[EventCountry "ESP"]
[SourceTitle "playchess.com"]
[Source "ChessBase"]
[SourceQuality "1"]
[TimeControl "5400+30"]

1. e4 {[%emt 0:00:00]} e5 {[%emt 0:00:00]} 2. Nf3 {[%emt 0:00:00]} Nc6 {[%emt 0:00:00]} 3. Bc4 {[%emt 0:00:02]} Bc5 {[%emt 0:00:14]} 4. O-O {[%emt 0:01:23]} Nf6 {[%emt 0:00:06]} 5. d4 exd4 {[%emt 0:03:19]} 6. e5 {[%emt 0:00:34]} d5 {[%emt 0:00:33]} 7. exf6 {[%emt 0:00:12]} dxc4 {[%emt 0:00:09]} 8. Re1+ {[%emt 0:00:06]} Be6 {[%emt 0:05:51]} 9. Ng5 {[%emt 0:00:06]} Qd5 {[%emt 0:01:02]} 10. Nc3 {[%emt 0:00:14]} Qf5 {[%emt 0:00:23]} 11. Nce4 {[%emt 0:01:20]} Bf8 {[%emt 0:18:35]} 12. Nxf7 {[%emt 0:10:27]} Kxf7 {[%emt 0:02:04]} 13. Ng5+ {[%emt 0:00:16]} Kg8 {[%emt 0:06:28]} 14. Nxe6 {[%emt 0:10:45]} gxf6 {[%emt 0:01:07]} 15. Nxd4 {[%emt 0:01:11]} Nxd4 {[%emt 0:00:02]} 16. Qxd4 {[%emt 0:00:09]} Bc5 {[%emt 0:00:57]} 17. Qxc4+ {[%emt 0:00:13]} Kg7 {[%emt 0:00:05]} 18. Be3 {[%emt 0:13:12]} Bd6 {[%emt 0:00:52]} 19. Rad1 {[%emt 0:02:12]} Rad8 {[%emt 0:01:19]} 20. g3 {[%emt 0:18:20]} Rhe8 {[%emt 0:05:02]} 21. Rd5 {[%emt 0:00:55]} Qf3 {[%emt 0:01:36]} 22. Qd3 {[%emt 0:00:44]} Kh8 {[%emt 0:11:24]} 23. Qf5 {[%emt 0:04:13]} Qxf5 {[%emt 0:00:58]} 24. Rxf5 {[%emt 0:00:05]} Be5 {[%emt 0:00:29]} 25. c3 {[%emt 0:06:45]} Kg7 {[%emt 0:00:05]} 26. Rf3 {[%emt 0:02:58]} b6 {[%emt 0:06:06]} 27. Kf1 {[%emt 0:00:55]} a5 {[%emt 0:01:44]} 28. Bf4 {[%emt 0:00:55]} Bxf4 {[%emt 0:00:15]} 29. Rxe8 {[%emt 0:01:03]} Rxe8 {[%emt 0:00:00]} 30. Rxf4 {[%emt 0:00:08]} h5 {[%emt 0:00:19]} 31. f3 {[%emt 0:01:23]} Kg6 {[%emt 0:00:48]} 32. Re4 {[%emt 0:03:26]} Rd8 {[%emt 0:00:01]} 33. Ke2 {[%emt 0:00:19]} Rd7 {[%emt 0:00:02]} 34. h4 {[%emt 0:01:26]} Kf5 {[%emt 0:01:47]} 35. a4 {[%emt 0:05:54]} Rg7 {[%emt 0:00:30]} 36. Kf2 {[%emt 0:00:10]} Rd7 {[%emt 0:00:09]} 37. Rd4 {[%emt 0:00:16]} Re7 {[%emt 0:00:34]} 38. Rd5+ {[%emt 0:00:44]} Kg6 {[%emt 0:00:01]} 39. b4 {[%emt 0:00:33]} axb4 {[%emt 0:02:09]} 40. cxb4 {[%emt 0:01:28]} Re6 {[%emt 0:03:25]} 41. a5 {[%emt 0:01:50]} bxa5 {[%emt 0:00:52]} 42. bxa5 {[%emt 0:00:09]} Rc6 {[%emt 0:00:10]} 43. Rd2 {[%emt 0:00:35]} Ra6 {[%emt 0:00:24]} 44. Ra2 {[%emt 0:00:05]} Kf5 {[%emt 0:07:31]} 45. Ke3 {[%emt 0:00:22]} Ke5 {[%emt 0:00:35]} 46. g4 {[%emt 0:00:15]} hxg4 {[%emt 0:00:26]} 47. fxg4 {[%emt 0:00:05]} f5 {[%emt 0:04:07]} 48. g5 {[%emt 0:02:51]} c5 {[%emt 0:01:02]} 49. h5 {[%emt 0:00:21]} f4+ {[%emt 0:00:12]} 50. Kf3 {[%emt 0:00:06]} Kf5 {[%emt 0:00:15]} 51. g6 {[%emt 0:00:19]} Ra8 {[%emt 0:01:24]} 52. g7 Kg5 53. Ke4 1-0

[Event "XLII San Sebastian Open 2019"]
[Site "San Sebastian"]
[Date "2019.04.16"]
[Round "5.8"]
[White "Manelidou, Maria"]
[Black "Safranska, Anda"]
[Result "0-1"]
[WhiteElo "2072"]
[BlackElo "2167"]
[Annotator "ChessBase"]
[PlyCount "98"]
[EventDate "2019.04.13"]
[EventType "swiss"]
[EventCountry "ESP"]
[SourceTitle "playchess.com"]
[Source "ChessBase"]
[SourceQuality "1"]
[TimeControl "5400+30"]

1. e4 {[%emt 0:00:00]} Nc6 {[%emt 0:00:00]} 2. d4 {[%emt 0:03:08]} d5 {[%emt 0:00:00]} 3. e5 {[%emt 0:01:32]} Bf5 {[%emt 0:00:00]} 4. c3 {[%emt 0:01:37]} e6 {[%emt 0:00:03]} 5. Bd3 {[%emt 0:00:17]} Nge7 {[%emt 0:00:07]} 6. Ne2 {[%emt 0:03:53]} f6 {[%emt 0:01:14]} 7. exf6 {[%emt 0:01:01]} gxf6 {[%emt 0:00:06]} 8. Bxf5 {[%emt 0:02:14]} Nxf5 {[%emt 0:00:23]} 9. Ng3 {[%emt 0:08:49]} Nd6 {[%emt 0:04:32]} 10. Qh5+ {[%emt 0:04:29]} Kd7 {[%emt 0:04:16]} 11. O-O {[%emt 0:01:34]} Qe7 {[%emt 0:04:24]} 12. Bf4 {[%emt 0:06:23]} Rd8 {[%emt 0:02:48]} 13. Nd2 {[%emt 0:03:17]} Kc8 {[%emt 0:02:56]} 14. Rfe1 {[%emt 0:00:49]} Qd7 {[%emt 0:01:01]} 15. Re2 {[%emt 0:04:50]} Re8 {[%emt 0:01:26]} 16. Rae1 {[%emt 0:03:32]} Nd8 {[%emt 0:01:18]} 17. Ndf1 {[%emt 0:10:15]} Re7 {[%emt 0:14:43]} 18. Ne3 {[%emt 0:04:24]} Rf7 {[%emt 0:01:36]} 19. Ng4 {[%emt 0:06:50]} Rg8 {[%emt 0:00:59]} 20. Nh6 {[%emt 0:05:12]} Bxh6 {[%emt 0:00:34]} 21. Qxh6 {[%emt 0:02:09]} Rg6 {[%emt 0:05:17]} 22. Qh3 {[%emt 0:00:27]} b6 {[%emt 0:04:06]} 23. f3 {[%emt 0:03:41]} Kb7 {[%emt 0:01:08]} 24. Nh5 {[%emt 0:02:03]} Nf5 {[%emt 0:04:53]} 25. Bc1 {[%emt 0:01:59]} e5 {[%emt 0:00:35]} 26. dxe5 {[%emt 0:03:27]} fxe5 {[%emt 0:11:28]} 27. Rxe5 {[%emt 0:03:18]} Nc6 {[%emt 0:01:00]} 28. R5e2 {[%emt 0:02:33]} Nfd4 {[%emt 0:00:27]} 29. Qxd7 {[%emt 0:00:10]} Nxe2+ {[%emt 0:00:05]} 30. Rxe2 {[%emt 0:00:04]} Rxd7 {[%emt 0:00:04]} 31. Be3 {[%emt 0:03:25]} d4 {[%emt 0:00:58]} 32. Bxd4 {[%emt 0:00:12]} Nxd4 {[%emt 0:00:05]} 33. cxd4 {[%emt 0:00:04]} Rxd4 {[%emt 0:00:09]} 34. g4 {[%emt 0:00:37]} Kc6 {[%emt 0:02:10]} 35. h3 {[%emt 0:00:27]} Kd7 {[%emt 0:00:32]} 36. f4 {[%emt 0:00:42]} Re6 {[%emt 0:00:07]} 37. Kf2 {[%emt 0:01:55]} Rd3 {[%emt 0:03:11]} 38. h4 {[%emt 0:01:44]} Rh3 {[%emt 0:02:01]} 39. Rd2+ {[%emt 0:01:17]} Ke7 {[%emt 0:07:38]} 40. Kg2 {[%emt 0:00:19]} Rxh4 {[%emt 0:03:31]} 41. Kg3 {[%emt 0:00:19]} Rh1 {[%emt 0:00:21]} 42. f5 {[%emt 0:00:35]} Rd6 {[%emt 0:01:57]} 43. Re2+ {[%emt 0:00:27]} Kf7 {[%emt 0:01:17]} 44. f6 {[%emt 0:00:58]} Rd7 {[%emt 0:00:25]} 45. Kf4 {[%emt 0:01:04]} h6 {[%emt 0:00:52]} 46. Ke5 {[%emt 0:01:11]} Rhd1 {[%emt 0:01:01]} 47. Rh2 {[%emt 0:01:48]} R7d2 {[%emt 0:00:48]} 48. Rh3 {[%emt 0:00:26]} Re2+ {[%emt 0:00:57]} 49. Kf5 {[%emt 0:00:18]} Rf1+ 0-1

[Event "XLII San Sebastian Open 2019"]
[Site "San Sebastian"]
[Date "2019.04.16"]
[Round "5.9"]
[White "Moreno Estebanez, Patxi"]
[Black "Sanchez Arevalo, Luis"]
[Result "1/2-1/2"]
[WhiteElo "2153"]
[BlackElo "2020"]
[Annotator "NA"]
[PlyCount "51"]
[EventDate "2019.04.13"]
[EventType "swiss"]
[EventCountry "ESP"]
[SourceTitle "playchess.com"]
[Source "ChessBase"]
[SourceQuality "1"]
[TimeControl "5400+30"]

1. Nf3 {[%emt 0:00:00]} d5 {[%emt 0:00:00]} 2. b3 {[%emt 0:00:00]} Nf6 {[%emt 0:01:20]} 3. Bb2 {[%emt 0:00:00]} e6 {[%emt 0:00:36]} 4. e3 {[%emt 0:00:13]} Be7 {[%emt 0:00:23]} 5. c4 {[%emt 0:00:21]} Nbd7 {[%emt 0:01:06]} 6. Nc3 {[%emt 0:01:13]} c6 {[%emt 0:03:29]} 7. d4 {[%emt 0:03:34]} b6 {[%emt 0:01:34]} 8. Bd3 {[%emt 0:01:35]} Bb7 {[%emt 0:00:22]} 9. O-O {[%emt 0:00:20]} O-O {[%emt 0:00:21]} 10. Qc2 {[%emt 0:22:39]} Rc8 {[%emt 0:03:23]} 11. e4 {[%emt 0:09:25]} dxe4 {[%emt 0:03:04]} 12. Nxe4 {[%emt 0:00:53]} Nxe4 {[%emt 0:00:36]} 13. Bxe4 {[%emt 0:00:05]} Nf6 {[%emt 0:00:12]} 14. Bd3 {[%emt 0:01:13]} c5 {[%emt 0:09:01]} 15. d5 {[%emt 0:20:09]} exd5 {[%emt 0:00:35]} 16. cxd5 {[%emt 0:01:12]} Qxd5 {[%emt 0:08:53]} 17. Rfe1 {[%emt 0:01:31]} Rfe8 {[%emt 0:00:26]} 18. Rad1 {[%emt 0:03:16]} Qc6 {[%emt 0:02:38]} 19. Bxf6 {[%emt 0:10:10]} Bxf6 {[%emt 0:01:06]} 20. Bxh7+ {[%emt 0:00:10]} Kf8 {[%emt 0:01:08]} 21. Bf5 {[%emt 0:00:43]} Rxe1+ {[%emt 0:02:07]} 22. Rxe1 {[%emt 0:00:11]} Re8 {[%emt 0:00:18]} 23. Rd1 {[%emt 0:02:09]} Rd8 {[%emt 0:13:50]} 24. Re1 {[%emt 0:00:49]} Re8 {[%emt 0:01:34]} 25. Rd1 {[%emt 0:00:10]} Rd8 {[%emt 0:00:41]} 26. Re1 {[%emt 0:00:16]} 1/2-1/2